000 01252 a2200229 4500
001 48364
005 20260407155748.0
008 260407a1973 arg spa d
003 AR-UNSa-BCEJYS
040 _aAR-UNSa-BCEJYS
_bspa
_cAR-UNSa-BCEJYS
080 _a331.2
_xSalarios. Sueldos. Remuneraciones
245 1 0 _aLa teoría de los salarios
020 _a978-84-335-3328-9
264 1 _aBarcelona :
_bLabor
_c1973
300 _a297 p.
_c22 cm.
505 _aPrimera Parte: Texto: 1. La productividad marginal y la demanda del trabajo - 2. La continuidad y las diferencias industriales - 3. El paro - 4. El funcionamiento de la competencia - 5. La oferta individual de mano de obra - 6. Distribución y progreso económico -- Segunda Parte: La regulación de los salarios: 7. La teoría de los conflictos industriales - 8. El crecimiento del poder de los sindicatos - 9. La regulación de los salarios y el paro - 10. Ulteriores consecuencias de los salarios - 11. Horario y condiciones de trabajo.
942 _cBK
590 _aniveau_biblio:m niveau_hierar:0
100 1 _aHicks, John Richard
700 1 _aPedrós Abelló, Alejandro
856 4 1 _uhttps://www.biblioeco.unsa.edu.ar/pmb/images/libros/L13458.jpg
_yImagen de portada
_qimage/jpeg
999 _c4574
_d4574